[Event "Oberwart Open"]
[Site "Oberwart AUT"]
[Date "2011.07.09"]
[Round "1.4"]
[White "Zelcic,R"]
[Black "Kamaryt,T"]
[Result "1-0"]
[WhiteElo "2555"]
[BlackElo "2107"]

1.e4 d5 2.exd5 Qxd5 3.Nc3 Qd6 4.d4 Nf6 5.Nf3 Nc6 6.Nb5 Qd8 7.c4 a6 8.Nc3 Bg4
9.d5 Ne5 10.Be2 Nxf3+ 11.Bxf3 Qd7 12.O-O g6 13.Ne4 Bxf3 14.Nxf6+ exf6 15.Qxf3 Be7
16.Bh6 Rg8 17.Rfe1 O-O-O 18.Qe3 Rde8 19.Qa7 Kd8 20.Qxb7 g5 21.Qxa6 Rg6 22.Bf8  1-0

[Event "ch-Central Serbia Int Open A"]
[Site "Paracin SRB"]
[Date "2011.07.09"]
[Round "2.50"]
[White "Mijatovic,B"]
[Black "Petrovic,Mari"]
[Result "0-1"]
[WhiteElo "1956"]
[BlackElo "2169"]

1.e4 d5 2.exd5 Qxd5 3.Nc3 Qd6 4.d4 Nf6 5.Nb5 Qd8 6.c4 c6 7.Nc3 Bf5 8.Nf3 e6
9.Bd3 Bg6 10.Be3 Na6 11.Bxg6 hxg6 12.a3 Bd6 13.Qc2 Qa5 14.c5 Be7 15.O-O Qc7
16.g3 Qc8 17.Ne5 Nc7 18.b4 Ncd5 19.Nxd5 exd5 20.f3 Qh3 21.Rab1 a6 22.Qg2 Qxg2+
23.Kxg2 Nd7 24.Nd3 Bf6 25.f4 Nf8 26.Ne5 Ne6 27.f5 gxf5 28.Rxf5 Bxe5 29.Rxe5 Kd7
30.Rf5 f6 31.h4 Rae8 32.Rb3 Nc7 33.Rf2 Re4 34.Kf3 Ne6 35.Rd2 g5 36.hxg5 fxg5
37.Kg2 Rf8 38.Bf2 g4 39.a4 Ng5 40.Re3 Rxe3 41.Bxe3 Nf3 42.Rd1 Rh8 43.Bg1 Re8
44.Kf1 Ng5 45.Rd3 Rf8+ 46.Ke2 Ne4 47.Rb3 Re8 48.Kd1 Rh8 49.Be3 Nxg3 50.b5 Rh1+
51.Kc2 axb5 52.axb5 Nf5 53.bxc6+ bxc6 54.Ra3 g3 55.Ra7+  0-1

[Event "ch-Central Serbia Int Open B"]
[Site "Paracin SRB"]
[Date "2011.07.09"]
[Round "2.7"]
[White "Hrenic,M"]
[Black "Zajic,Milun"]
[Result "1/2-1/2"]
[WhiteElo "2044"]
[BlackElo "1779"]

1.e4 d5 2.exd5 Qxd5 3.Nc3 Qd6 4.d4 Nf6 5.Nf3 c6 6.g3 Bf5 7.Bg2 e6 8.O-O Qc7
9.Ne2 Nbd7 10.c4 Be7 11.Nf4 Rd8 12.Qe2 Nb6 13.b3 O-O 14.Bb2 Rfe8 15.Nh4 Bg4
16.f3 Bf5 17.Nxf5 exf5 18.Qc2 g6 19.Nd3 Nfd7 20.f4 Bf6 21.Ne5 Nxe5 22.dxe5 Bg7
23.a4 a5 24.Qc3 Nd7 25.c5 b6 26.cxb6 Qxb6+ 27.Kh1 Nc5 28.Ba3 Bf8 29.Bxc5 Bxc5
30.Rad1 Rd4 31.Rxd4 Bxd4 32.Qxc6 Qxc6 33.Bxc6 Rd8 34.Rd1 Bb6 35.Rxd8+ Bxd8
36.Bd5 Be7 37.Kg2 Kf8 38.Kf3 Bb4 39.h3 h5 40.g4  1/2-1/2

[Event "ch-Central Serbia Int Open B"]
[Site "Paracin SRB"]
[Date "2011.07.09"]
[Round "2.6"]
[White "Bratkovic,Sham"]
[Black "Drobne,M"]
[Result "1-0"]
[WhiteElo "1792"]
[BlackElo "2060"]

1.e4 d5 2.exd5 Qxd5 3.Nc3 Qd6 4.d4 Nf6 5.Nf3 a6 6.g3 Bg4 7.Bg2 Nc6 8.Be3 O-O-O
9.h3 Bh5 10.Qe2 e6 11.O-O e5 12.dxe5 Nxe5 13.g4 Bg6 14.Nxe5 Qxe5 15.f4 Qe7
16.f5 Re8 17.Rae1 Qxe3+ 18.Qxe3 Rxe3 19.Rxe3 Bc5 20.Re1 h5 21.fxg6 hxg4 22.Kf1 Bxe3
23.Rxe3 fxg6 24.hxg4 Rf8 25.Ke2 Kd8 26.Bxb7 Nxg4 27.Rd3+ Ke7 28.Nd5+ Ke6
29.Nxc7+ Ke5 30.Bf3 Nf6 31.Nxa6 g5 32.Nc5 g4 33.Bxg4 Kf4  1-0

[Event "Asian Zonal 3.1 Women"]
[Site "Sharjah UAE"]
[Date "2011.07.09"]
[Round "6"]
[White "Iman,H"]
[Black "Al Khelaifi,S"]
[Result "1-0"]
[WhiteElo "2160"]
[BlackElo "1757"]

1.e4 d5 2.exd5 Qxd5 3.Nc3 Qd6 4.d4 Nf6 5.Nf3 a6 6.h3 Bf5 7.Bc4 Nc6 8.O-O e6
9.Ne2 Nd5 10.a3 Be7 11.Ba2 O-O 12.c4 Nf6 13.Bf4 Qd7 14.d5 exd5 15.cxd5 Na7
16.Ne5 Qb5 17.Nd4 Qxb2 18.Nxf5 Bxa3 19.Nc4 Qb4 20.Rb1 Qc3 21.Be5  1-0

[Event "5th LCT Open A"]
[Site "Leiden NED"]
[Date "2011.07.10"]
[Round "3"]
[White "Chytilek,R"]
[Black "Tiviakov,S"]
[Result "1/2-1/2"]
[WhiteElo "2381"]
[BlackElo "2623"]

1.e4 d5 2.exd5 Qxd5 3.Nc3 Qd6 4.d4 Nf6 5.Nf3 c6 6.Ne5 Nbd7 7.Nc4 Qc7 8.a4 g6
9.g3 Bg7 10.Bg2 Nb6 11.Nxb6 axb6 12.Bf4 Qd8 13.O-O Be6 14.Re1 O-O 15.Be5 Re8
16.Qe2 Qd7 17.b3 Bg4 18.Qc4 Bf5 19.d5 cxd5 20.Nxd5 Nxd5 21.Bxg7 Kxg7 22.Qxd5  1/2-1/2

[Event "Naantalin Open"]
[Site "Naantali FIN"]
[Date "2011.07.10"]
[Round "9"]
[White "Topi Hulmi,T"]
[Black "Pohjala,H"]
[Result "1-0"]
[WhiteElo "2261"]
[BlackElo "2241"]

1.e4 d5 2.exd5 Qxd5 3.Nc3 Qd6 4.d4 Nf6 5.Nf3 a6 6.g3 Bg4 7.Bg2 Nc6 8.O-O O-O-O
9.d5 Nb4 10.Bf4 Qc5 11.Be3 Qd6 12.h3 Bh5 13.Qe2 Nfxd5 14.Nxd5 Nxd5 15.Rad1 Qe6
16.g4 Nxe3 17.Rxd8+ Kxd8 18.Ng5 Qb6 19.gxh5 Nxf1 20.Nxf7+ Ke8 21.Nxh8 Qf6
22.Bxb7  1-0

[Event "6th Polonia Wroclaw Open A"]
[Site "Wroclaw POL"]
[Date "2011.07.10"]
[Round "9"]
[White "Krokay,U"]
[Black "Krupa,J"]
[Result "0-1"]
[WhiteElo "1940"]
[BlackElo "1906"]

1.e4 d5 2.exd5 Qxd5 3.Nc3 Qd6 4.d4 Nf6 5.Be2 g6 6.Nf3 Bg7 7.O-O O-O 8.Nb5 Qb6
9.c4 c6 10.Nc3 Bf5 11.Bd3 Bg4 12.Be3 Qxb2 13.Na4 Qa3 14.Nc5 b6 15.Bc1 Qc3
16.Nb3 Qb4 17.h3 Be6 18.Ne5 Nfd7 19.a4 Nxe5 20.dxe5 Bxc4 21.Bxc4 Qxc4 22.f4 Na6
23.Ba3 Rad8 24.Qg4 c5 25.Rf3 Rd3 26.Qg3 Rxb3 27.Rxb3 Qd4+  0-1

[Event "Open ch-SVK A"]
[Site "Banska Stiavnica SVK"]
[Date "2011.07.11"]
[Round "3"]
[White "Medvegy,J"]
[Black "Vyskocil,N"]
[Result "0-1"]
[WhiteElo "2068"]
[BlackElo "2297"]

1.e4 d5 2.exd5 Qxd5 3.Nc3 Qd6 4.Nf3 Nf6 5.Be2 a6 6.O-O Bf5 7.d3 Nc6 8.h3 O-O-O
9.Ng5 Bg6 10.Nce4 Nxe4 11.Nxe4 Qe5 12.Ng3 e6 13.c3 Qd6 14.d4 e5 15.dxe5 Qxe5
16.Qa4 Qa5 17.Qxa5 Nxa5 18.b4 Nc6 19.a4 Bd3 20.b5 Ne5 21.bxa6 bxa6 22.Be3 Bxe2
23.Nxe2 Nc4 24.Bf4 Bd6 25.Rfd1 Rhe8 26.Bxd6 Rxe2 27.Bc5 Rdd2 28.Rxd2 Nxd2
29.Rd1 Ne4 30.Bd4 f6 31.f3 Ng5 32.Rb1 Ne6 33.Ba7 Ra2 34.Rb4 Kd7 35.h4 Ra3
36.Rc4 Kd6 37.f4 Kd5 38.Rb4 f5 39.c4+ Ke4 40.c5+ Kd5 41.Kf2 Nxc5 42.Bxc5 Kxc5
43.Rb7 Kd6 44.Rb4 Kd5 45.Rb7 Rxa4 46.Rxc7 Rxf4+ 47.Ke3 Rg4 48.Ra7 Rxg2 49.Rxa6 g6
50.h5 Ke5 51.Kf3 Rg5 52.hxg6 hxg6 53.Rb6 Rg1 54.Kf2 Rg4 55.Kf3 g5 56.Ra6 Rd4
57.Ra5+ Rd5 58.Ra3 g4+ 59.Kg3 Ke4 60.Ra4+ Rd4 61.Ra8 Rd3+ 62.Kg2 Re3 63.Ra4+ Ke5
64.Ra5+ Kf4 65.Ra4+ Re4 66.Ra3 Re2+ 67.Kf1 Rb2 68.Ra4+ Kg5 69.Ra5 g3 70.Kg1 Kg4
71.Ra8 f4 72.Ra7 Rb1+  0-1

[Event "XXXIV Open"]
[Site "Barbera del Valles ESP"]
[Date "2011.07.11"]
[Round "8"]
[White "Carlsson,P"]
[Black "Colon Garcia,E"]
[Result "1-0"]
[WhiteElo "2496"]
[BlackElo "2276"]

1.e4 d5 2.exd5 Qxd5 3.Nc3 Qd6 4.d4 Nf6 5.Nf3 g6 6.h3 Bg7 7.Be3 O-O 8.Qd2 a6
9.Bd3 Nc6 10.O-O Nb4 11.Bf4 Qd8 12.Be4 Nxe4 13.Nxe4 Nd5 14.Bh6 Bf5 15.Ng3 Qc8
16.Rfe1 Re8 17.Bxg7 Kxg7 18.Re5 c6 19.c4 f6 20.Rxf5 gxf5 21.cxd5 cxd5 22.Nh4 e6
23.Nh5+ Kf7 24.Qh6 Rg8 25.Rc1 Qd8 26.Qxh7+  1-0

[Event "St Pauli Open"]
[Site "Hamburg GER"]
[Date "2011.07.11"]
[Round "4.53"]
[White "Nixdorf,A"]
[Black "Leube,O"]
[Result "1/2-1/2"]
[WhiteElo "1974"]
[BlackElo "1974"]

1.e4 d5 2.exd5 Qxd5 3.Nc3 Qd8 4.d4 Nf6 5.Nf3 Bg4 6.h3 Bxf3 7.Qxf3 c6 8.Be3 e6
9.Bd3 Nbd7 10.O-O Be7 11.Rfd1 Nb6 12.a4 O-O 13.Ne4 Nbd5 14.Nxf6+ Bxf6 15.Qe4 g6
16.c3 Nxe3 17.Qxe3 a5  1/2-1/2

[Event "ch-Central Serbia Int Open A"]
[Site "Paracin SRB"]
[Date "2011.07.11"]
[Round "4.27"]
[White "Kolbert,E"]
[Black "Djurovic,G"]
[Result "0-1"]
[WhiteElo "2161"]
[BlackElo "2328"]

1.e4 d5 2.exd5 Qxd5 3.Nc3 Qd8 4.d4 Nf6 5.Nf3 Bg4 6.Be2 e6 7.h3 Bxf3 8.Bxf3 c6
9.a3 a5 10.Bf4 Bd6 11.Qd2 O-O 12.O-O Qc7 13.Bxd6 Qxd6 14.Rfe1 Nbd7 15.a4 Rfd8
16.Rad1 Nb6 17.b3 Qb4 18.Ne4 Nxe4 19.Bxe4 Qxd2 20.Rxd2 Rd7 21.Rd3 Rad8 22.Red1 g5
23.g4 Nc8 24.Kf1 Kg7 25.Ke2 Ne7 26.Ke3 f5 27.Bf3 Kf6 28.Rc3 f4+ 29.Ke4 Nf5
30.Rc4 Nd6+ 31.Kd3 Nf7 32.Ke2 e5 33.dxe5+ Nxe5 34.Rxd7 Rxd7 35.Rc3 Rd6 36.Be4 h6
37.Rc5 b6 38.Rc3 c5 39.Bf3 Rd4 40.Bb7 Ke6 41.f3 Kd6 42.Ba6 Kc7 43.Bd3 Rd6
44.Be4 Rd8 45.Bd3 Rh8 46.Be4 Kd6 47.Kf2 Ke7 48.Ke2 Kf6 49.Kf2 h5 50.Ke2 hxg4
51.hxg4 Rh3 52.Kd2 Ke7 53.Bd5 Kd6 54.Be4 Rh1 55.Bb7 Rh2+ 56.Kc1 Rg2 57.Be4 Rf2
58.Bb7 Kc7 59.Be4 Rh2 60.Bd5 Rh6 61.Be4 Rd6 62.Bf5 Rd4 63.Be6 Kc6 64.Bc4 Kd6
65.Bg8 Nc6 66.Bc4 Nb4 67.Kb2 Rd1 68.Bf7 Rf1 69.Bg6 Ke5 70.Be4 Kd4 71.Rc4+ Ke3
72.Bb7 Kd2 73.Be4 Re1 74.Bb7 Re3 75.Be4 Ke2 76.Bb7 Rxf3 77.c3 Nd3+ 78.Kc2 Ne5
79.Re4+ Re3  0-1

[Event "ch-Central Serbia Int Open B"]
[Site "Paracin SRB"]
[Date "2011.07.11"]
[Round "4.10"]
[White "Jovic,B"]
[Black "Zajic,Milun"]
[Result "1-0"]
[WhiteElo "1981"]
[BlackElo "1779"]

1.e4 d5 2.exd5 Qxd5 3.Nc3 Qd6 4.Nf3 Nf6 5.d4 c6 6.h3 Bf5 7.Bc4 e6 8.O-O Nbd7
9.Re1 Be7 10.Bg5 Nb6 11.Bb3 O-O 12.Qd2 Qc7 13.Rad1 Rfd8 14.Qe2 Nbd5 15.Nxd5 cxd5
16.c3 a6 17.Ne5 b5 18.g4 Bg6 19.h4 h6 20.Bxf6 Bxf6 21.Nxg6 fxg6 22.Qxe6+ Qf7
23.Rd3 Ra7 24.Rf3 Re7 25.Qxf7+ Kxf7 26.Re5 Ke8 27.Rxd5 Rxd5 28.Bxd5 Bxh4
29.Re3 Kd7 30.Rxe7+ Bxe7 31.Bf7 g5 32.Kg2 Bf6 33.Kf3 Ke7 34.Bg6 Ke6 35.Ke4 Kd6
36.b3 Bd8 37.c4 Ba5 38.c5+ Kd7 39.d5 Bb4 40.Bf5+ Kc7 41.Ke5 Be1 42.d6+ Kc6
43.Be4+ Kd7 44.Kd5 Bxf2 45.c6+  1-0

[Event "ch-Central Serbia Int Open A"]
[Site "Paracin SRB"]
[Date "2011.07.11"]
[Round "4.43"]
[White "Kalinic,D"]
[Black "Petrovic,Mari"]
[Result "0-1"]
[WhiteElo "2009"]
[BlackElo "2169"]

1.e4 d5 2.exd5 Qxd5 3.Nc3 Qd6 4.d4 Nf6 5.Nf3 a6 6.g3 Bg4 7.Bg2 c6 8.O-O e6
9.a3 Qc7 10.Re1 Be7 11.Bf4 Qb6 12.Qd2 Nbd7 13.Ne5 Nxe5 14.Bxe5 Bf5 15.b4 O-O
16.Na4 Qd8 17.c4 a5 18.c5 axb4 19.Nb6 Ra6 20.axb4 Rxb6 21.cxb6 Qxb6 22.Rec1 Nd5
23.Bxd5 exd5 24.Qf4 Bg6 25.h4 h5 26.g4 f6 27.Bc7 Qxb4 28.gxh5 Be4 29.Rd1 Qb3
30.Kh2 Kh7 31.Re1 Rf7 32.Re3 Qc2 33.Rae1 c5 34.Rg3 cxd4 35.Reg1 Bf8 36.h6 g6
37.Be5 Bxh6 38.Qg4 f5  0-1

[Event "Asian Zonal 3.1 Women"]
[Site "Sharjah UAE"]
[Date "2011.07.11"]
[Round "8"]
[White "Ghader Pour,S"]
[Black "Al Khelaifi,S"]
[Result "1-0"]
[WhiteElo "2246"]
[BlackElo "1757"]

1.e4 d5 2.exd5 Qxd5 3.Nc3 Qd6 4.d4 Nf6 5.Nf3 a6 6.Bc4 b5 7.Bd3 Bb7 8.O-O e6
9.Qe2 Be7 10.a4 b4 11.Ne4 Qc6 12.Ned2 Nbd7 13.Nc4 a5 14.Nce5 Qb6 15.Be3 Qd6
16.Bf4 Qb6 17.Bb5 c6 18.Bc4 O-O 19.Nxf7 Rxf7 20.Qxe6 Rf8 21.Qxe7 Nd5 22.Bxd5 cxd5
23.Qd6 Rxf4 24.Qxd7 R4f7 25.Qb5 Qd6 26.Rfe1 Bc8 27.Re3 Bg4 28.Ne5 Bd7 29.Nxf7 Rxf7
30.Qe2 Qf6 31.c3 Bg4 32.Re8+  1-0

[Event "XX Adolf Anderssen Memorial Open"]
[Site "Wroclaw POL"]
[Date "2011.07.11"]
[Round "1"]
[White "Dragun,K"]
[Black "Krupa,J"]
[Result "1-0"]
[WhiteElo "2428"]
[BlackElo "1906"]

1.e4 d5 2.exd5 Qxd5 3.Nc3 Qd6 4.Nf3 Nf6 5.d4 g6 6.g3 c6 7.Bg2 Bg7 8.O-O O-O
9.Bf4 Qb4 10.Rb1 Bf5 11.a3 Qa5 12.Re1 e6 13.Ne5 h5 14.h3 Nd5 15.Bd2 Qd8 16.g4 hxg4
17.hxg4 f6 18.Nc4 b5 19.Ne3 Nxe3 20.Bxe3 a6 21.gxf5 exf5 22.d5 Nd7 23.dxc6 Ne5
24.Qxd8 Raxd8 25.Bc5 Rfe8 26.f4 Ng4 27.c7  1-0

[Event "ch-Central Serbia Int Open A"]
[Site "Paracin SRB"]
[Date "2011.07.12"]
[Round "6.33"]
[White "Martic,I SRB"]
[Black "Petrovic,Mari"]
[Result "1-0"]
[WhiteElo "2347"]
[BlackElo "2169"]

1.e4 d5 2.exd5 Qxd5 3.Nc3 Qd6 4.d4 Nf6 5.Nf3 a6 6.g3 Bg4 7.Bg2 c6 8.O-O e6
9.h3 Bh5 10.Na4 Qd8 11.c4 Be7 12.Qb3 b5 13.Nc3 O-O 14.Be3 bxc4 15.Qb7 Nbd7
16.Qxc6 Nb6 17.a4 Rc8 18.Qb7 a5 19.Ne5 Rb8 20.Qa7 Bd6 21.Nc6 Nc8 22.Qxb8 Bxb8
23.Nxd8 Rxd8 24.Nb5 Nd5 25.Bd2 Nb4 26.Rfc1 Be2 27.Bf1 Bf3 28.Bxb4 axb4 29.Rxc4 Nd6
30.Nxd6 Bxd6 31.Rac1 Kf8 32.Rc8 Ke7 33.Rxd8 Kxd8 34.b3 Bd5 35.Bc4 Bf3 36.Kf1 Bc7
37.Ke1 Bb6 38.d5 exd5 39.Bxd5 Bh5 40.g4 Bg6 41.f4 f6 42.f5 Be8 43.Be6 Bc7
44.Rc4 h5 45.Ke2 hxg4 46.hxg4 Bd6 47.Ke3 g6 48.fxg6 Bxg6 49.a5 Ke7 50.a6 Bb8
51.Bf5 Be8 52.Rxb4 Ba7+ 53.Kd3 Bc6 54.Be4  1-0

[Event "Najdorf Memorial"]
[Site "Warsaw POL"]
[Date "2011.07.13"]
[Round "1.29"]
[White "Szczepkowska Horowska,K"]
[Black "Leks,M"]
[Result "1-0"]
[WhiteElo "2339"]
[BlackElo "2082"]

1.e4 d5 2.exd5 Qxd5 3.Nc3 Qd6 4.Bc4 Nf6 5.d4 a6 6.Bb3 Nc6 7.Nge2 Bg4 8.f3 Bf5
9.Bf4 Qd7 10.Qd2 h6 11.a3 g5 12.Be3 e6 13.O-O-O O-O-O 14.g4 Bg6 15.h4 gxh4
16.Nf4 e5 17.Nxg6 fxg6 18.d5 Ne7 19.Rxh4 h5 20.Qf2 Kb8 21.d6 cxd6 22.g5 Ne8
23.Ba7+ Ka8 24.Na4 Nc8 25.Bd5 Be7 26.Rc4 Bxg5+ 27.Kb1 Qg7 28.Bb6 Kb8 29.Bxd8 Bxd8
30.Rxc8+ Kxc8 31.Qa7 Bc7 32.Qxb7+ Kd8 33.Bc6 h4 34.Nc5 Ke7 35.Bxe8 Rxe8 36.Qxc7+ Kf8
37.Qxd6+ Kg8 38.Nd7  1-0

[Event "Open ch-SVK A"]
[Site "Banska Stiavnica SVK"]
[Date "2011.07.14"]
[Round "6"]
[White "Danes,J"]
[Black "Medvegyne Balogh,E"]
[Result "1-0"]
[WhiteElo "2293"]
[BlackElo "2084"]

1.e4 d5 2.exd5 Qxd5 3.Nc3 Qd6 4.d4 Nf6 5.Nf3 c6 6.Ne5 Nbd7 7.f4 g6 8.Bc4 e6
9.O-O Bg7 10.Bb3 O-O 11.Be3 Nb6 12.Qf3 Nbd5 13.Bf2 b6 14.Ne2 Bb7 15.c4 Ne7
16.Rac1 Nd7 17.Rfd1 Qc7 18.c5 b5 19.Nc3 Nf6 20.g4 Nfd5 21.Bg3 Qd8 22.Nxd5 exd5
23.f5 f6 24.Nd3 Qd7 25.fxg6 Nxg6 26.Bd6 Rfe8 27.Re1 Rxe1+ 28.Rxe1 Re8 29.Rxe8+ Qxe8
30.Kf1 Bc8 31.Bg3 Qe6 32.Nb4 Kh8 33.Bc2 a5 34.Bf5 Qe8 35.Nd3 Bd7 36.Kf2 Ne7
37.Bxd7 Qxd7 38.h3 Kg8 39.Bd6 Ng6 40.Kg3 Qe6 41.h4 Bh6 42.h5 Nh8 43.Bf4 Bxf4+
44.Qxf4 Kg7 45.g5 Nf7 46.gxf6+ Qxf6 47.Qxf6+ Kxf6 48.Kf4 h6 49.Nf2 Ng5 50.Ng4+ Kg7
51.a3 a4 52.Ke3 Nf7 53.Kf4 Ng5 54.Ke3 Nf7 55.Kf3 Nd8 56.Kf4 Nb7 57.Ke5 Na5
58.Kd6 b4 59.axb4 Nc4+ 60.Kxc6 Nxb2 61.Ne3 Nd3 62.Nc2 a3 63.Nxa3 Nxb4+ 64.Kd6 Kf6
65.c6 Nxc6 66.Kxc6 Kg5 67.Kxd5 Kxh5 68.Ke6 Kg4 69.Nc4 h5 70.Ne5+ Kg3 71.Ng6 Kg4
72.d5 Kg5 73.Ne5 Kf4 74.d6  1-0

[Event "Open ch-SVK A"]
[Site "Banska Stiavnica SVK"]
[Date "2011.07.14"]
[Round "6"]
[White "Gunajew,R"]
[Black "Zatko,G"]
[Result "1-0"]
[WhiteElo "2258"]
[BlackElo "2076"]

1.e4 d5 2.exd5 Qxd5 3.Nc3 Qd6 4.Nf3 a6 5.Be2 Nf6 6.O-O Nc6 7.Re1 g6 8.d3 Bg7
9.Bg5 O-O 10.Qd2 b5 11.Bf1 Bb7 12.Bh6 Rad8 13.h3 Rfe8 14.Bxg7 Kxg7 15.Ne2 e5
16.Ng3 h6 17.a3 Nd4 18.Nxd4 Qxd4 19.b4 c5 20.c3 Qd6 21.Qb2 Qc6 22.c4 Rd4
23.Rac1 bxc4 24.dxc4 cxb4 25.axb4 Qd7 26.Rc2 h5 27.Ne2 Rd6 28.Nc1 Rd1 29.Rxd1 Qxd1
30.Nd3 Rd8 31.Rc1 Qa4 32.Nc5 Qc6 33.Qxe5 Re8 34.Qb2 Bc8 35.Nb3 Kh7 36.b5 axb5
37.cxb5 Qd6 38.Rc6  1-0

[Event "21st Heart of Finland"]
[Site "Jyvaskyla FIN"]
[Date "2011.07.14"]
[Round "6"]
[White "Seppala,A"]
[Black "Pohjala,H"]
[Result "0-1"]
[WhiteElo "1968"]
[BlackElo "2241"]

1.e4 d5 2.exd5 Qxd5 3.Nc3 Qd6 4.d4 Nf6 5.Nf3 a6 6.Bc4 b5 7.Bb3 Bb7 8.O-O e6
9.Re1 c5 10.dxc5 Qxd1 11.Nxd1 Bxc5 12.Ne5 Nbd7 13.Nxd7 Nxd7 14.Be3 Ke7 15.c3 a5
16.Bxc5+ Nxc5 17.Bc2 Rhc8 18.Ne3 g6 19.f3 Rc7 20.Rad1 Rb8 21.Rd4 Bc6 22.Re2 Nd7
23.f4 h5 24.Be4 Bxe4 25.Rxe4 Nf6 26.Re5 b4 27.c4 a4 28.Nd5+ Nxd5 29.cxd5 Rb6
30.f5 gxf5 31.Rxf5 a3 32.Rxh5 b3 33.dxe6  0-1

[Event "ch-Central Serbia Int Open A"]
[Site "Paracin SRB"]
[Date "2011.07.14"]
[Round "8.22"]
[White "Brankovic,De"]
[Black "Antic,Dr"]
[Result "1/2-1/2"]
[WhiteElo "2338"]
[BlackElo "2144"]

1.e4 d5 2.exd5 Qxd5 3.Nc3 Qd6 4.d4 Nf6 5.Nf3 a6 6.Bc4 b5 7.Bd3 Bb7 8.a4 b4
9.Nb1 Nbd7 10.Nbd2 c5 11.Nc4 Qc7 12.O-O e6 13.Bg5 cxd4 14.Bh4 Bd5 15.Bg3 Qc5
16.Nfd2 Be7 17.Nb3 Qa7 18.a5 Qb7 19.f3 O-O 20.Nxd4 Bc5 21.Bf2 Bxc4 22.Bxc4 Ne5  1/2-1/2

[Event "Najdorf Memorial"]
[Site "Warsaw POL"]
[Date "2011.07.14"]
[Round "1.27"]
[White "Kantans,T"]
[Black "Zurkowski,A"]
[Result "1-0"]
[WhiteElo "2345"]
[BlackElo "2092"]

1.e4 d5 2.exd5 Qxd5 3.Nc3 Qd6 4.d4 Nf6 5.Nf3 a6 6.g3 Bf5 7.Bg2 e6 8.O-O c6
9.Ne5 Qc7 10.g4 Bg6 11.f4 c5 12.d5 Be7 13.dxe6 fxe6 14.Nxg6 hxg6 15.g5 Nfd7
16.Be4 Nf8 17.Qd3 Kf7 18.Be3 Nc6 19.Bg2 Rd8 20.Qe4 Bd6 21.Rad1 Ne7 22.Qxb7 Qxb7
23.Bxb7 Nf5 24.Bc1 c4 25.Ne4 Be7 26.Rxd8 Bxd8 27.Rd1 Bb6+ 28.Kh1 Be3 29.Bxa6 Bxc1
30.Rxc1 Rh4 31.Bxc4 Rxf4 32.Bd3 Nd7 33.a4 Ne5 34.a5 Rh4 35.a6 Nf3 36.Kg2 Nxh2
37.a7 Ne3+ 38.Kg1 Rh8 39.Ra1  1-0

[Event "5th LCT Open A"]
[Site "Leiden NED"]
[Date "2011.07.15"]
[Round "7"]
[White "Deepan,C"]
[Black "Tiviakov,S"]
[Result "1/2-1/2"]
[WhiteElo "2470"]
[BlackElo "2623"]

1.e4 d5 2.exd5 Qxd5 3.Nc3 Qd6 4.d4 Nf6 5.Nf3 c6 6.Ne5 Nbd7 7.Bf4 Nd5 8.Nxd5 Qxd5
9.Nf3 Nb6 10.Be2 Bf5 11.c3 Qe4 12.Bg3 Qc2 13.Qxc2 Bxc2 14.O-O e6 15.Ne5 Be7
16.Bd3 Bxd3 17.Nxd3 a5 18.Rfe1 O-O 19.Nc5 Ra7 20.Rad1 a4 21.Re2 Rc8 22.Nd3 Ra5
23.Re5 Rd5 24.f3 Nc4 25.Ree1 c5 26.b3 axb3 27.axb3 Na5 28.Nxc5 Bxc5 29.dxc5 Rxd1
30.Rxd1 Nxb3 31.Bf2 h5 32.Rb1 Nxc5 33.Bxc5 Rxc5 34.Rxb7 Rxc3 35.Rb4 f6 36.Kf2 Rc7
37.h4 Kf7 38.Ra4 Kg6 39.Rb4 Kf5 40.Ra4 e5 41.Kg3 Rd7 42.Rb4 Rd4 43.Rb7 g6
44.Ra7 Rd3 45.Ra4 g5 46.hxg5 fxg5 47.Ra7 e4 48.Ra5+ Kf6 49.Ra6+ Ke5 50.Ra5+ Rd5
51.Ra4 h4+ 52.Kg4 exf3 53.Kxf3 Kf5 54.Ra2 g4+ 55.Kf2 Rd3 56.Ra5+ Ke4 57.Ra4+ Rd4
58.Ra2 Rb4 59.Kg1 Rb1+ 60.Kh2 Rd1 61.Ra4+ Rd4 62.Ra2 Rb4 63.Ra3 Rb5 64.Ra2 Re5
65.Ra4+ Kf5 66.Ra2 Re3 67.Ra5+ Re5 68.Ra2 Re1 69.Ra5+ Kf4 70.Ra4+ Re4 71.Ra2 Ke3
72.Ra3+ Kf2 73.Ra2+ Kf1 74.Ra1+ Ke2 75.Ra2+ Kd3 76.Ra3+ Kd4 77.Ra5 Ke3 78.Rh5 Kf2
79.Rf5+ Ke2 80.Rh5 Kf2 81.Rf5+ Ke3 82.Rh5  1/2-1/2

[Event "Oberwart Open"]
[Site "Oberwart AUT"]
[Date "2011.07.15"]
[Round "7"]
[White "Schwarhofer,C"]
[Black "De Napoli,G"]
[Result "1-0"]
[WhiteElo "2264"]
[BlackElo "2054"]

1.e4 d5 2.exd5 Qxd5 3.Nc3 Qd6 4.d4 Nf6 5.g3 a6 6.Bg2 Bg4 7.Nge2 Nc6 8.d5 Nb8
9.Bf4 Qb6 10.Qd2 Nbd7 11.O-O O-O-O 12.Na4 Qb5 13.Nec3 Qa5 14.a3 e5 15.b4 Bxb4
16.axb4 Qxb4 17.Rfb1 Qd4 18.Nd1 Rhe8 19.d6 c6 20.Qa5 Qxd6 21.Rxb7 exf4 22.Qxa6 Re1+
23.Bf1 Be2 24.Rb5+  1-0

[Event "Najdorf Memorial"]
[Site "Warsaw POL"]
[Date "2011.07.15"]
[Round "2.36"]
[White "Nasuta,G"]
[Black "Zurkowski,A"]
[Result "0-1"]
[WhiteElo "2237"]
[BlackElo "2092"]

1.e4 d5 2.exd5 Qxd5 3.Nc3 Qd6 4.d4 Nf6 5.Nf3 a6 6.g3 Bg4 7.Bg2 Nc6 8.Bf4 Qe6+
9.Be3 O-O-O 10.O-O Qf5 11.h3 Bxf3 12.Bxf3 Qxh3 13.Bxc6 bxc6 14.Qd3 h5 15.Qxa6+ Kd7
16.d5 cxd5 17.Na4 e5 18.c4 Bd6 19.c5 h4 20.Qb5+ Ke6 21.cxd6 hxg3 22.Nc5+ Kxd6
23.Nb7+ Ke7 24.Qc5+ Ke8 25.Qc6+ Nd7 26.Nd6+ cxd6  0-1

[Event "34th Taminco Open"]
[Site "Ghent BEL"]
[Date "2011.07.16"]
[Round "2.11"]
[White "Cordts,I"]
[Black "Defre,W"]
[Result "1-0"]
[WhiteElo "2306"]
[BlackElo "1909"]

1.e4 d5 2.exd5 Qxd5 3.Nc3 Qd6 4.d4 Nf6 5.Nf3 a6 6.g3 Bg4 7.Bg2 Nc6 8.O-O O-O-O
9.Bf4 Qb4 10.a3 Qc4 11.d5 e5 12.dxc6 Rxd1 13.cxb7+ Kb8 14.Rfxd1 Bd6 15.Nd2 Qe6
16.Re1 Qf5 17.Be3 Bh3 18.Bh1 Ng4 19.Nb3 Nxe3 20.Rxe3 Qxc2 21.Na5 Bd7 22.b4 Qg6
23.Rc1 f5 24.Nd5 e4 25.Rec3 f4 26.Nxc7 Bxc7 27.Rxc7 Qe6 28.Bxe4 Re8 29.Rxd7 Qxd7
30.Nc6+  1-0

[Event "2nd SPI Open"]
[Site "Satu Mare ROU"]
[Date "2011.07.16"]
[Round "2"]
[White "Vedmediuc,S"]
[Black "Costin,P"]
[Result "1-0"]
[WhiteElo "2440"]
[BlackElo "2077"]

1.e4 d5 2.exd5 Qxd5 3.Nc3 Qd6 4.d4 c6 5.Nf3 Bg4 6.h3 Bh5 7.g3 Nf6 8.Bg2 e6
9.Bf4 Qd8 10.g4 Bg6 11.Ne5 Nd5 12.Nxd5 exd5 13.h4 f6 14.Nxg6 hxg6 15.Qd3 Kf7
16.c4 Bb4+ 17.Kf1 Qa5 18.h5 g5 19.Qg6+ Kf8 20.h6 Rg8 21.Re1 Nd7 22.hxg7+  1-0

[Event "2nd Vaujany Open A"]
[Site "Vaujany FRA"]
[Date "2011.07.16"]
[Round "3.17"]
[White "Szajbely,Z"]
[Black "Calin,M"]
[Result "1/2-1/2"]
[WhiteElo "2154"]
[BlackElo "2001"]

1.e4 d5 2.exd5 Qxd5 3.Nc3 Qd6 4.d4 Nf6 5.Nf3 c6 6.Ne5 Bf5 7.Bc4 e6 8.Bf4 Qd8
9.f3 Nd5 10.Bxd5 exd5 11.O-O Be7 12.g4 Be6 13.Bg3 O-O 14.h3 f6 15.Nd3 Na6
16.Re1 Bf7 17.Kg2 Bd6 18.f4 Qc7 19.Qf3 Rae8 20.f5 Bxg3 21.Qxg3 Qxg3+ 22.Kxg3 b6
23.a3 Rxe1 24.Rxe1 Re8 25.Rxe8+ Bxe8 26.Nf4 Nc7 27.b4 Bf7 28.h4 g6 29.fxg6 Bxg6  1/2-1/2

[Event "Open ch-SVK A"]
[Site "Banska Stiavnica SVK"]
[Date "2011.07.17"]
[Round "9"]
[White "Jacko,V2"]
[Black "Medvegyne Balogh,E"]
[Result "1-0"]
[WhiteElo "2200"]
[BlackElo "2084"]

1.e4 d5 2.exd5 Qxd5 3.Nc3 Qd6 4.d4 Nf6 5.Nf3 c6 6.h3 Bf5 7.g3 e6 8.Bg2 Qc7
9.O-O Bd6 10.Ne5 Nd5 11.Nc4 Be7 12.Ne3 Nxe3 13.Bxe3 O-O 14.f4 h6 15.g4 Bh7
16.f5 exf5 17.gxf5 Nd7 18.Bf4 Qb6 19.Qd3 Bf6 20.Rad1 Rad8 21.Ne4 Qxb2 22.c3 Qb5
23.Qg3 Qxf5 24.Nd6 Qe6 25.Nxb7 Rde8 26.Nd6 Rd8 27.Rde1 Qxa2 28.Bxh6 Bg6 29.Be4 Kh7
30.Bc1 Qb3 31.Rf3 Rh8 32.Kh1 Bxe4 33.Nxe4 Qd5 34.Qg4 c5 35.Rg1 g6 36.Qxd7 Qxe4
37.Qxf7+ Bg7 38.Rg4 Rd5 39.Rxe4  1-0

[Event "XIII Gdansk Open"]
[Site "Gdansk POL"]
[Date "2011.07.17"]
[Round "2.13"]
[White "Rycyk,R"]
[Black "Olejarczyk,B"]
[Result "0-1"]
[WhiteElo "1699"]
[BlackElo "2137"]

1.e4 d5 2.exd5 Qxd5 3.Nc3 Qd6 4.Bc4 Nf6 5.Nge2 c6 6.d3 Bf5 7.Bf4 e5 8.Bg3 Nh5
9.O-O Be7 10.Qd2 O-O 11.Rad1 Nxg3 12.Nxg3 Bg6 13.Nce4 Qc7 14.Rfe1 b5 15.Bb3 a5
16.a4 Nd7 17.Qe3 bxa4 18.Bxa4 f5 19.d4 fxe4 20.Nxe4 Rae8  0-1

[Event "ch-PHI"]
[Site "Manila PHI"]
[Date "2011.07.17"]
[Round "3"]
[White "Sanchez,Joseph"]
[Black "Bitoon,R"]
[Result "1/2-1/2"]
[WhiteElo "2534"]
[BlackElo "2491"]

1.e4 d5 2.exd5 Qxd5 3.Nc3 Qd6 4.d4 Nf6 5.h3 c6 6.Nf3 Bf5 7.Bd3 Bxd3 8.Qxd3 Nbd7
9.Bg5 e6 10.O-O-O Be7 11.Rhe1 O-O-O 12.Kb1 Qc7 13.Ne4 Nxe4 14.Qxe4 Bxg5 15.Nxg5 Nf6
16.Qe5 Rhf8 17.Qxc7+ Kxc7 18.c3 h6 19.Nf3 Rd5 20.Re5 Rxe5 21.Nxe5 Nd7 22.Nxd7 Kxd7
23.Kc2 Kd6 24.Re1 b6 25.Kd3 g5 26.a4 a5 27.b3 Rb8 28.Ra1 f6 29.Kc4 Ra8 30.Re1 h5
31.Rh1 h4 32.Rd1 Rb8 33.Ra1 Ra8 34.Re1  1/2-1/2

[Event "Oberwart Open"]
[Site "Oberwart AUT"]
[Date "2011.07.17"]
[Round "9"]
[White "Nemeth,Mi1"]
[Black "Froewis,G"]
[Result "1-0"]
[WhiteElo "2433"]
[BlackElo "2329"]

1.e4 d5 2.exd5 Qxd5 3.Nc3 Qd6 4.g3 Nc6 5.Bg2 Nf6 6.Nge2 Bg4 7.h3 Bh5 8.d3 a6
9.Be3 e5 10.g4 Bg6 11.Qd2 O-O-O 12.f4 exf4 13.Nxf4 Qd7 14.O-O-O Bb4 15.a3 Bd6
16.Rhf1 Rhe8 17.Bg1 Re7 18.Kb1 Be5 19.g5 Nh5 20.Nfd5 Ree8 21.Na4 Kb8 22.Nc5 Qd6
23.Nxb7  1-0